Biggest U.S. State Cities Compared to there Capitals - Statistics

General Stats
  • This quiz has been taken 16 times
  • The average score is 35 of 50
Answer Stats
Hint Answer % Correct
Albany New York City
100%
Carson City Las Vegas
92%
Sacramento Los Angeles
92%
Santa Fe Albuquerque
85%
Juneau Anchorage
85%
Denver Denver
85%
Honolulu Honolulu
85%
Austin Houston
85%
Salem Portland
85%
Augusta Portland
85%
Olympia Seattle
85%
Atlanta Atlanta
77%
Boise Boise
77%
Boston Boston
77%
Cheyenne Cheyenne
77%
Indianapolis Indianapolis
77%
Jefferson City Kansas City
77%
Nashville Nashville
77%
Trenton Newark
77%
Lincoln Omaha
77%
Harrisburg Philadelphia
77%
Salt Lake City Salt Lake City
77%
Annapolis Baltimore
69%
Columbia Charleston
69%
Charleston Charleston
69%
Springfield Chicago
69%
Columbus Columbus
69%
Des Moines Des Moines
69%
Lansing Detroit
69%
Bismarck fargo
69%
Little Rock Little Rock
69%
Frankfort Louisville
69%
Madison Milwaukee
69%
St Paul Minneapolis
69%
Baton Rouge New Orleans
69%
Oklahoma City Oklahoma City
69%
Providence Providence
69%
Topeka Wichita
69%
Helena Billings
62%
Raleigh Charlotte
62%
Jackson Jackson
62%
Tallahassee Jacksonville
62%
Pheonix Pheonix
62%
Dover Wilmington
62%
Richmond Virginia Beach
46%
Hartford Bridgeport
38%
Montgomery Huntsville
38%
Concord Manchester
38%
Pierre Sioux Falls
38%
Montpelier Burlington
31%
No matching quizzes found
Score Distribution
Percent of People with Each Score
Percentile by Number Answered
Your Score History
You have not taken this quiz